Loriot-Zitate - Statistiken

Allgemein
  • Dieses Quiz wurde 211 mal gespielt
  • Das Durchschnittsergebnis liegt bei 10 aus 20
Antwortstatistiken
Zitat aus % Korrekt
„Früher war mehr {Lametta}." Weihnachten bei Hoppenstedts
93%
„Die {Ente} bleibt draußen!" Herren im Bad
84%
„Es saugt und bläst der Heinzelmann, wo Mutti sonst nur {saugen} kann.“ Der Staubsaugervertreter
74%
„Im Forsthaus kniet bei Kerzenschimmer die Försterin im Herrenzimmer. In dieser wunderschönen Nacht hat sie den Förster {umgebracht}" Advent
73%
„Und im Herbst eröffnet dann der Papst mit meiner Tochter eine {Herrenboutique} in Wuppertal" Der Lottogewinner
65%
„Wer hat denn morgen Geburtstag?" - „MEINE {MUTTER}!" Pappa ante Portas
65%
„Guten Tag, mein Name ist Lohse, ich {kaufe} {hier} {ein}." Pappa ante Portas
63%
„Da sind Bäume und Häuser und Kühe, die möchten gerne ein schönes {Atomkraftwerk} haben." Weihnachten bei Hoppenstedts
60%
„Aber es ist hart! Vielleicht stimmt da mit deinem {Gefühl} was nicht." Das Frühstücksei
57%
„Ich bringe sie um. {Morgen} bringe ich sie um!" Das Frühstücksei
57%
„Da regt mich ja die {Frage} schon auf!" Die Jodelschule
48%
„Ein frisches Gelb, ein Apfelgrün.." - „Wir waren mit {Grau} eigentlich sehr zufrieden." Ödipussi
47%
„Du dodl di! Dö dudl dö ist zweites Futur bei {Sonnenaufgang}.“ Die Jodelschule
35%
„Meine Schwester heißt {Polyester}" (Lied) Ödipussi
35%
„Melusine! Krawehl, Krawehl! Taubtrüber {Ginst} am Musenhain!" Pappa ante Portas
34%
„{Hildegard}, warum sagen Sie denn nichts?" Die Nudel
33%
„Dieses Instrument ist ein Geschenk von meiner Mutter, die in {Massachusetts} lebt" Ein Klavier, ein Klavier
32%
„Gwyneth Moldsworth hatte für Lord Hesketh-Fortescue in Nether Addlethorpe einen {Schlipth} besorgt" Die zwei Cousinen (Inhaltsangabe)
27%
„JODELSCHNEPFE!" - "{WINSELSTUTE}!" - "RATTE!" Der Kosakenzipfel
25%
„Wenn ich jetzt noch einmal {Birne} {Helene} höre, werfe ich mich hier auf den Boden und beiße in die Auslegeware!" Pappa ante Portas
20%
Keine übereinstimmenden Quizze gefunden
Verteilung der Resultate
Anzahl Personen mit jedem Resultat
Perzentil nach korrekt beantworteten Fragen
Ihre Resultats-Entwicklung
Sie haben dieses Quiz noch nicht gespielt